desanyám emlékére-

Bibliographic Details
Main Author: Lángi, Mária A. (Author)
Format: Article
Language:Hungarian
Slovak
ISSN:1335-6534
Subjects:

MARC

LEADER 00000nab a2200000 a 4500
001 vtls000843383
003 SK-MaSNL
005 20260302164105.0
008 160314c2003 xo 0 hun
015 |a SNBRB2003/06-17314 
035 |a CLN000195038 
040 |a SNKBUCL  |b slo  |c SNKBUCL  |e AACR2 
041 0 |a slo 
044 |a xo  |c SK 
080 |a 894.511 (437.6)-1=945.11  |2 UDC-MRF-SK2 
100 1 |a Lángi, Mária A.  |4 aut  |9 866445 
245 1 0 |a desanyám emlékére-  |c Lángi A. Mária 
650 0 7 |a lyrické básne, maďarské  |2 snkbucl  |9 71024 
773 0 |x 1335-6534  |t Remény  |g Roč. 14, č. 19 (2003), s. 5 
850 |a Slovenská národná knižnica v Martine 
852 |a SNK  |b KIS3GCP 
958 |a HU 
958 |a SK 
958 |a LX 
958 |a RBX 
999 |c 1385621  |d 1387551